[Event "Pardubice rapid op 35th"]
[Site "Pardubice"]
[Date "2024.07.18"]
[Round "5"]
[White "Dolensky, Filip"]
[Black "Brendel, Oliver"]
[Result "0-1"]
[WhiteElo "2173"]
[BlackElo "2291"]
[PlyCount "154"]
[EventDate "2024.07.17"]
[EventType "swiss (rapid)"]
[EventRounds "9"]
[EventCountry "CZE"]
[SourceTitle "CBM 221 Extra"]
[Source "ChessBase"]
[SourceDate "2024.09.30"]
[SourceVersion "1"]
[SourceVersionDate "2024.09.30"]
[SourceQuality "1"]

1. e4 c5 2. c3 g6 3. d4 cxd4 4. cxd4 d5 5. e5 Nc6 6. Bb5 Bg7 7. Nf3 Bg4 8. Nc3 Nh6 9. Bxc6+ bxc6 10. h3 Bxf3 11. Qxf3 Nf5 12. Qd3 Qb6 13. Be3 Qxb2 14. 0-0 Nxe3 15. Qxe3 Qa3 16. Rab1 Qa5 17. Rb7 e6 18. h4 0-0 19. Rfb1 Rac8 20. Rd7 c5 21. Ne2 cxd4 22. Nxd4 Rc7 23. Nb3 Qc3 24. Rxc7 Qxc7 25. f4 Qb6 26. Qxb6 axb6 27. Rc1 Ra8 28. Rc2 Bf8 29. Kf2 Ra4 30. g3 h6 31. Kf3 Kg7 32. g4 h5 33. g5 Rc4 34. Rxc4 dxc4 35. Nd2 b5 36. Ne4 b4 37. Ke3 b3 38. axb3 cxb3 39. Kd3 Bb4 40. Nf2 Kf8 41. Nh3 Be1 42. Ng1 Bxh4 43. Kc3 Bg3 44. Nh3 Ke7 45. Kxb3 Kd7 46. Kc4 Kc6 47. Kd4 Kb5 48. Ke3 Kc4 49. Kf3 Bh4 50. Ke4 Be1 51. Ng1 Bf2 52. Ne2 Bb6 53. Kf3 Kd3 54. Ng3 h4 55. Ne4 h3 56. Nd6 h2 57. Kg2 Ke3 58. Kxh2 Kxf4 59. Nxf7 Bd4 60. Kg2 Bxe5 61. Kf2 Bc7 62. Ke2 e5 63. Kf2 e4 64. Ke2 Kf5 65. Nh8 Kxg5 66. Ke3 Kf5 67. Nf7 Bb6+ 68. Ke2 g5 69. Nd6+ Kf4 70. Nc4 Bd4 71. Nd2 g4 72. Nb3 Bb6 73. Nc1 Be3 74. Na2 g3 75. Nc3 g2 76. Nd5+ Kg5 77. Nc3 g1Q 0-1

[Event "Oberliga Ost-B 2324"]
[Site "Germany"]
[Date "2024.04.13"]
[Round "10.6"]
[White "Rolle, Eric"]
[Black "Brendel, Oliver"]
[Result "0-1"]
[WhiteElo "2129"]
[BlackElo "2292"]
[PlyCount "62"]
[EventDate "2023.10.22"]
[EventType "team-tourn"]
[EventRounds "11"]
[EventCountry "GER"]
[SourceTitle "EXT 2025"]
[Source "ChessBase"]
[SourceDate "2024.10.14"]
[SourceVersion "1"]
[SourceVersionDate "2024.10.14"]
[SourceQuality "1"]
[WhiteTeam "Marburg"]
[BlackTeam "Hofheim II"]
[WhiteTeamCountry "GER"]
[BlackTeamCountry "GER"]

1. c4 Nf6 2. Nc3 c5 3. g3 d5 4. cxd5 Nxd5 5. Bg2 Nc7 6. d3 e5 7. Nf3 Nc6 8. 0-0 Be7 9. Be3 0-0 10. Nd2 Nd4 11. Nc4 f6 12. f4 exf4 13. Bxf4 Re8 14. Rc1 Bf8 15. Na5 Rb8 16. Rf2 b6 17. Nc6 Nxc6 18. Bxc6 Bd7 19. Qb3+ Kh8 20. Be4 Be6 21. Qa4 Bd6 22. Qxa7 Bxf4 23. Rxf4 Nd5 24. Rh4 f5 25. Bxd5 Bxd5 26. Nxd5 Qxd5 27. a3 Ra8 28. Qxb6 Rxe2 29. Re4 fxe4 30. Rxc5 Qd4+ 31. Kh1 Qxd3 0-1

[Event "Oberliga Ost-B 2324"]
[Site "Germany"]
[Date "2024.02.25"]
[Round "7.7"]
[White "Zweschper, Erich"]
[Black "Brendel, Oliver"]
[Result "1/2-1/2"]
[WhiteElo "1999"]
[BlackElo "2291"]
[PlyCount "35"]
[EventDate "2023.10.22"]
[EventType "team-tourn"]
[EventRounds "11"]
[EventCountry "GER"]
[SourceTitle "EXT 2025"]
[Source "ChessBase"]
[SourceDate "2024.10.14"]
[SourceVersion "1"]
[SourceVersionDate "2024.10.14"]
[SourceQuality "1"]
[WhiteTeam "Eppstein"]
[BlackTeam "Hofheim II"]
[WhiteTeamCountry "GER"]
[BlackTeamCountry "GER"]

1. d4 Nf6 2. Nf3 g6 3. e3 Bg7 4. Bd3 0-0 5. Nbd2 d6 6. b3 c5 7. Bb2 cxd4 8. exd4 Nc6 9. a3 e5 10. 0-0 Nd5 11. Be4 Nf6 12. Bxc6 bxc6 13. dxe5 Ng4 14. Re1 Re8 15. Nc4 d5 16. Nd6 Re6 17. Nxc8 Rxc8 18. Qd4 1/2-1/2

[Event "Oberliga Ost-B 2324"]
[Site "Germany"]
[Date "2024.02.24"]
[Round "6.7"]
[White "Brendel, Oliver"]
[Black "Gottschalk, Jens"]
[Result "1-0"]
[WhiteElo "2291"]
[BlackElo "2217"]
[PlyCount "103"]
[EventDate "2023.10.22"]
[EventType "team-tourn"]
[EventRounds "11"]
[EventCountry "GER"]
[SourceTitle "EXT 2025"]
[Source "ChessBase"]
[SourceDate "2024.10.14"]
[SourceVersion "1"]
[SourceVersionDate "2024.10.14"]
[SourceQuality "1"]
[WhiteTeam "Hofheim II"]
[BlackTeam "Wiesbaden"]
[WhiteTeamCountry "GER"]
[BlackTeamCountry "GER"]

1. c4 e5 2. g3 Nf6 3. Bg2 d5 4. cxd5 Nxd5 5. Nc3 Nb6 6. Nf3 Nc6 7. 0-0 Be7 8. d3 0-0 9. Be3 Be6 10. d4 exd4 11. Nxd4 Nxd4 12. Bxd4 c6 13. b3 Bf6 14. Bxf6 Qxf6 15. Ne4 Qe7 16. Qd6 Rfe8 17. Qxe7 Rxe7 18. Nc5 Rae8 19. Nxb7 Rxb7 20. Bxc6 Reb8 21. Bxb7 Rxb7 22. Rac1 Kf8 23. e4 Ke7 24. f3 a5 25. Rc5 Ra7 26. Rfc1 a4 27. Rc7+ Rxc7 28. Rxc7+ Kd6 29. Rc3 axb3 30. axb3 Nd7 31. Kf2 Nc5 32. b4 Na4 33. Rc1 Nb2 34. Ke3 Nc4+ 35. Kd4 Ne5 36. f4 Nc6+ 37. Kc3 Na7 38. Kd3 Bd7 39. e5+ Ke6 40. Kd4 g5 41. Ra1 Nb5+ 42. Kc5 gxf4 43. gxf4 Nc3 44. Ra6+ Ke7 45. Rh6 Ne2 46. Rf6 Nc3 47. Kc4 Nd1 48. b5 Ne3+ 49. Kc5 Be6 50. b6 Kd7 51. Rh6 Bf5 52. Rc6 1-0

[Event "Oberliga Ost-B 2324"]
[Site "Germany"]
[Date "2023.10.22"]
[Round "1.3"]
[White "Brendel, Oliver"]
[Black "Solonar, Stefan"]
[Result "1/2-1/2"]
[WhiteElo "2316"]
[BlackElo "2272"]
[PlyCount "98"]
[EventDate "2023.10.22"]
[EventType "team-tourn"]
[EventRounds "11"]
[EventCountry "GER"]
[SourceTitle "EXT 2025"]
[Source "ChessBase"]
[SourceDate "2024.10.14"]
[SourceVersion "1"]
[SourceVersionDate "2024.10.14"]
[SourceQuality "1"]
[WhiteTeam "Hofheim II"]
[BlackTeam "Heusenstamm"]
[WhiteTeamCountry "GER"]
[BlackTeamCountry "GER"]

1. e4 c5 2. Nf3 Nc6 3. d4 cxd4 4. Nxd4 e5 5. Nxc6 bxc6 6. Qh5 d6 7. Bc4 Qf6 8. Nc3 Qg6 9. Qf3 Nf6 10. h3 Be7 11. Be3 0-0 12. 0-0-0 Be6 13. Bb3 a5 14. Qg3 Qxg3 15. fxg3 a4 16. Bxe6 fxe6 17. a3 d5 18. Bg5 h6 19. Bxf6 gxf6 20. g4 Bc5 21. Rhf1 Be3+ 22. Kb1 d4 23. Rf3 Bg5 24. Na2 c5 25. c4 Kf7 26. Nc1 Ke7 27. Nd3 Kd6 28. Nf2 Rab8 29. g3 Rb3 30. Rxb3 axb3 31. Rd3 Rb8 32. h4 Be3 33. Nd1 Bg1 34. Nc3 Ke7 35. Na4 Kd6 36. Nc3 Bf2 37. Nb5+ Ke7 38. Rxb3 Rg8 39. a4 Be1 40. Nc7 Rxg4 41. Rb7 f5 42. Na6+ Kf6 43. exf5 d3 44. fxe6 d2 45. Rd7 Kxe6 46. Nxc5+ Kf5 47. Nb3 Rxc4 48. Nxd2 Rxa4 49. Nf1 Kg4 1/2-1/2

[Event "Qatar Masters op"]
[Site "Doha"]
[Date "2023.10.15"]
[Round "5"]
[White "Brendel, Oliver"]
[Black "Singh, Ojasva"]
[Result "0-1"]
[WhiteElo "2316"]
[BlackElo "2324"]
[PlyCount "102"]
[EventDate "2023.10.11"]
[EventType "swiss"]
[EventRounds "9"]
[EventCountry "QAT"]
[SourceTitle "EXT 2025"]
[Source "ChessBase"]
[SourceDate "2024.10.14"]
[SourceVersion "1"]
[SourceVersionDate "2024.10.14"]
[SourceQuality "1"]

1. c4 c6 2. e4 d5 3. exd5 cxd5 4. d4 Nf6 5. Nc3 g6 6. cxd5 Bg7 7. Bb5+ Nbd7 8. d6 exd6 9. Qe2+ Qe7 10. Bf4 Qxe2+ 11. Ngxe2 Ke7 12. 0-0 Nb6 13. Rfe1 a6 14. Ba4 Be6 15. Bg5 Nxa4 16. Nxa4 b5 17. Nb6 Rab8 18. Nf4 Kf8 19. Nxe6+ fxe6 20. Bxf6 Rxb6 21. Bxg7+ Kxg7 22. Rxe6 Rc8 23. Kf1 Rc2 24. Re2 Rbc6 25. Rd1 b4 26. f4 Kf6 27. g4 h5 28. h3 h4 29. Kf2 a5 30. Rdd2 Rxd2 31. Rxd2 Rc1 32. d5 Rh1 33. Kg2 Ra1 34. b3 Rc1 35. Re2 Rc3 36. Re6+ Kf7 37. Rxd6 Rg3+ 38. Kf2 Rxh3 39. g5 Rh2+ 40. Kf3 Rxa2 41. Kg4 Rb2 42. Rd7+ Kf8 43. Kxh4 Rxb3 44. f5 Rb1 45. fxg6 b3 46. g7+ Kg8 47. Kh5 Kh7 48. g8Q+ Kxg8 49. d6 b2 50. Rd8+ Kf7 51. g6+ Ke6 0-1

[Event "Brasov GP RO"]
[Site "Brasov"]
[Date "2023.07.22"]
[Round "9"]
[White "Voicu, Teodor Mihnea"]
[Black "Brendel, Oliver"]
[Result "1/2-1/2"]
[WhiteElo "2082"]
[BlackElo "2323"]
[PlyCount "85"]
[EventDate "2023.07.16"]
[EventType "swiss"]
[EventRounds "9"]
[EventCountry "ROU"]
[SourceTitle "CBM 215 Extra"]
[Source "ChessBase"]
[SourceDate "2023.09.30"]
[SourceVersion "1"]
[SourceVersionDate "2023.09.30"]
[SourceQuality "1"]

1. d4 Nf6 2. Nf3 g6 3. Bg5 Bg7 4. Nbd2 c5 5. e3 d6 6. Bd3 0-0 7. 0-0 Nc6 8. c3 h6 9. Bxf6 exf6 10. Qc2 f5 11. Rad1 b6 12. Nb3 Qf6 13. e4 fxe4 14. Bxe4 Bb7 15. dxc5 dxc5 16. Rd7 Rab8 17. Rfd1 Rfd8 18. Rxd8+ Rxd8 19. Rxd8+ Qxd8 20. Qd3 Qxd3 21. Bxd3 Ne5 22. Nxe5 Bxe5 23. Bc4 Bc6 24. g3 Kf8 25. f4 Bg7 26. Kf2 Ke7 27. Be2 Kd6 28. Ke3 f5 29. Nd2 b5 30. h3 a5 31. g4 a4 32. a3 Bf6 33. gxf5 gxf5 34. Bd3 Bd7 35. Nf1 b4 36. Kd2 bxa3 37. bxa3 Bh4 38. Ne3 Bg3 39. Nxf5+ Bxf5 40. Bxf5 Bxf4+ 41. Kd3 Bc1 42. Kc4 Bxa3 43. Bc2 1/2-1/2

[Event "BL2-Sued 2223"]
[Site "Germany"]
[Date "2023.02.26"]
[Round "8.8"]
[White "Brendel, Oliver"]
[Black "Kraemer, Enrico"]
[Result "1/2-1/2"]
[WhiteElo "2343"]
[BlackElo "2205"]
[PlyCount "120"]
[EventDate "2022.10.22"]
[EventType "team-tourn"]
[EventRounds "9"]
[EventCountry "GER"]
[SourceTitle "EXT 2024"]
[Source "ChessBase"]
[SourceDate "2023.10.10"]
[SourceVersion "1"]
[SourceVersionDate "2023.10.10"]
[SourceQuality "1"]
[WhiteTeam "Hofheim"]
[BlackTeam "Speyer Schwegenheim"]
[WhiteTeamCountry "GER"]
[BlackTeamCountry "GER"]

1. c4 e6 2. e4 d5 3. exd5 exd5 4. cxd5 Qxd5 5. Nc3 Qe6+ 6. Be2 Nf6 7. Nf3 Be7 8. d4 c6 9. 0-0 0-0 10. Re1 Qd6 11. Ne5 Be6 12. Bf4 Qd8 13. Bf3 Nbd7 14. Qe2 Re8 15. Bxc6 Nxe5 16. dxe5 bxc6 17. exf6 Bxf6 18. Be5 Bxe5 19. Qxe5 Qb6 20. b3 Rad8 21. Rad1 h6 22. h3 Qb4 23. Rxd8 Rxd8 24. Re4 Qa3 25. Ra4 Qc1+ 26. Kh2 Rd2 27. Ne4 Rd5 28. Qg3 Rf5 29. Rxa7 Bd5 30. Nc3 Bxg2 31. Qxg2 Qxc3 32. Ra8+ Kh7 33. Ra4 Qe5+ 34. Kg1 Qa1+ 35. Qf1 Rg5+ 36. Rg4 Rxg4+ 37. hxg4 Qxa2 38. Qd3+ g6 39. Qc4 Qa1+ 40. Kg2 Qf6 41. b4 Qe6 42. Qd4 h5 43. gxh5 gxh5 44. Kg3 Qf5 45. Kh4 Kg6 46. Kg3 f6 47. Qc4 Qg5+ 48. Kh3 Qb5 49. Qg8+ Kf5 50. Qh7+ Ke6 51. Qg8+ Ke5 52. Qe8+ Kd4 53. Qd8+ Kc4 54. Qxf6 Kxb4 55. f4 Qd5 56. f5 Qf3+ 57. Kh2 c5 58. Qb6+ Kc4 59. Qe6+ Kb4 60. Qb6+ Kc4 1/2-1/2

[Event "BL2-Sued 2223"]
[Site "Germany"]
[Date "2023.02.25"]
[Round "7.8"]
[White "Hauser, Carlos"]
[Black "Brendel, Oliver"]
[Result "1-0"]
[WhiteElo "2223"]
[BlackElo "2343"]
[PlyCount "99"]
[EventDate "2022.10.22"]
[EventType "team-tourn"]
[EventRounds "9"]
[EventCountry "GER"]
[SourceTitle "EXT 2024"]
[Source "ChessBase"]
[SourceDate "2023.10.10"]
[SourceVersion "1"]
[SourceVersionDate "2023.10.10"]
[SourceQuality "1"]
[WhiteTeam "Walldorf"]
[BlackTeam "Hofheim"]
[WhiteTeamCountry "GER"]
[BlackTeamCountry "GER"]

1. d4 Nf6 2. c4 g6 3. Nc3 d5 4. cxd5 Nxd5 5. e4 Nxc3 6. bxc3 Bg7 7. Bc4 c5 8. Ne2 Nc6 9. Be3 0-0 10. 0-0 b6 11. Rc1 Bb7 12. Qd2 e6 13. Rfd1 Qe7 14. Bg5 Bf6 15. Bh6 Rfd8 16. Qe3 Rd7 17. e5 Bg7 18. Bg5 Qf8 19. Nf4 Re8 20. Qh3 cxd4 21. Nxe6 fxe6 22. Bxe6+ Rxe6 23. Qxe6+ Qf7 24. Qxf7+ Kxf7 25. cxd4 Nxd4 26. Be3 Bxe5 27. f4 Bf6 28. Rxd4 Bxd4 29. Bxd4 Rxd4 30. Rc7+ Kf6 31. Rxb7 Ra4 32. Rxh7 Rxa2 33. h3 b5 34. Rb7 a6 35. g4 Ke6 36. Rb6+ Kd5 37. Rxg6 b4 38. Rb6 Kc5 39. Rb8 Rd2 40. g5 a5 41. g6 Rd7 42. f5 Rg7 43. h4 a4 44. h5 a3 45. f6 a2 46. Ra8 b3 47. f7 b2 48. f8Q+ Kc4 49. Qf4+ Kb3 50. Qa4+ 1-0

[Event "BL2-Sued 2223"]
[Site "Germany"]
[Date "2022.11.25"]
[Round "6.8"]
[White "Raps, Johannes"]
[Black "Brendel, Oliver"]
[Result "1/2-1/2"]
[WhiteElo "2109"]
[BlackElo "2343"]
[PlyCount "45"]
[EventDate "2022.10.22"]
[EventType "team-tourn"]
[EventRounds "9"]
[EventCountry "GER"]
[SourceTitle "EXT 2024"]
[Source "ChessBase"]
[SourceDate "2023.10.10"]
[SourceVersion "1"]
[SourceVersionDate "2023.10.10"]
[SourceQuality "1"]
[WhiteTeam "Bad Mergentheim"]
[BlackTeam "Hofheim"]
[WhiteTeamCountry "GER"]
[BlackTeamCountry "GER"]

1. d4 Nf6 2. Nf3 g6 3. g3 Bg7 4. Bg2 d5 5. 0-0 0-0 6. b3 c5 7. Bb2 cxd4 8. Bxd4 Nc6 9. Bb2 Re8 10. c4 dxc4 11. bxc4 Qxd1 12. Rxd1 Be6 13. Na3 Na5 14. Ng5 Nxc4 15. Nxe6 Nxb2 16. Nxg7 Red8 17. Rxd8+ Rxd8 18. Ne6 fxe6 19. Bxb7 Kf7 20. Rc1 Rb8 21. Bf3 e5 22. Bc6 Ke6 23. Rc2 1/2-1/2

[Event "Oberliga Ost-B 2223"]
[Site "Germany"]
[Date "2022.10.22"]
[Round "2.3"]
[White "Brendel, Oliver"]
[Black "Petrovskiy, Vadim"]
[Result "1/2-1/2"]
[WhiteElo "2343"]
[BlackElo "2423"]
[PlyCount "80"]
[EventDate "2022.09.18"]
[EventType "team-tourn"]
[EventRounds "11"]
[EventCountry "GER"]
[SourceTitle "EXT 2025"]
[Source "ChessBase"]
[SourceDate "2024.10.14"]
[SourceVersion "1"]
[SourceVersionDate "2024.10.14"]
[SourceQuality "1"]
[WhiteTeam "Hofheim II"]
[BlackTeam "Bad Emstal/Wolfhagen"]
[WhiteTeamCountry "GER"]
[BlackTeamCountry "GER"]

1. c4 e5 2. g3 Nf6 3. Bg2 d5 4. cxd5 Nxd5 5. Nc3 Nb6 6. Nf3 Nc6 7. 0-0 Be7 8. a3 0-0 9. b4 Be6 10. Rb1 f6 11. d3 Nd5 12. Nxd5 Bxd5 13. Bb2 Qd7 14. e4 Ba2 15. Ra1 Be6 16. d4 Nxd4 17. Nxd4 exd4 18. Qxd4 Qxd4 19. Bxd4 Rfd8 20. Be3 c6 21. Rfc1 Rd7 22. Bf1 a6 23. f4 Bf8 24. Kf2 Re8 25. Rd1 Red8 26. Be2 Rxd1 27. Rxd1 Rxd1 28. Bxd1 a5 29. Bc5 axb4 30. axb4 b6 31. Bxf8 Kxf8 32. Ke3 c5 33. bxc5 bxc5 34. e5 fxe5 35. fxe5 Ke7 36. h4 Kd7 37. Bc2 h6 38. Be4 g5 39. hxg5 hxg5 40. Kd3 Kd8 1/2-1/2

[Event "BL2-Sued 1920"]
[Site "Germany"]
[Date "2021.08.07"]
[Round "9.6"]
[White "Brendel, Oliver"]
[Black "Lutz, Klaus Juergen"]
[Result "1-0"]
[WhiteElo "2340"]
[BlackElo "2240"]
[PlyCount "109"]
[EventDate "2019.10.19"]
[EventType "team-tourn"]
[EventRounds "11"]
[EventCountry "GER"]
[SourceTitle "EXT 2023"]
[Source "ChessBase"]
[SourceDate "2022.10.05"]
[SourceVersion "1"]
[SourceVersionDate "2022.10.05"]
[SourceQuality "1"]
[WhiteTeam "Hofheim"]
[BlackTeam "Neuberg"]
[WhiteTeamCountry "GER"]
[BlackTeamCountry "GER"]

1. c4 e5 2. g3 c6 3. d4 e4 4. Nc3 d5 5. Nh3 Nf6 6. cxd5 cxd5 7. Bg5 Nc6 8. Nf4 Be7 9. Bg2 0-0 10. 0-0 Bf5 11. Bxf6 Bxf6 12. e3 Be6 13. f3 exf3 14. Qxf3 Ne7 15. h4 Nc6 16. Nfxd5 Bxd5 17. Nxd5 Be7 18. Rad1 Bd6 19. Kh1 Ne7 20. Nxe7+ Qxe7 21. e4 f6 22. Rc1 Rad8 23. Rc4 Qe6 24. b3 Bb8 25. a4 a6 26. Rd1 b5 27. axb5 axb5 28. Rc5 Qb6 29. Qd3 Be5 30. Rxb5 Qxd4 31. Qxd4 Rxd4 32. Rxd4 Bxd4 33. Bf1 Re8 34. Bc4+ Kf8 35. Bd5 Be5 36. g4 g6 37. Kg2 h5 38. gxh5 gxh5 39. Rb7 Re7 40. Rxe7 Kxe7 41. b4 Kd6 42. Bf7 Bc3 43. b5 Kc5 44. Be8 Be1 45. Kh3 Bf2 46. Bxh5 Kxb5 47. Bd1 Kc5 48. h5 f5 49. exf5 Kd6 50. h6 Bd4 51. Kg4 Ke7 52. Kg5 Kf8 53. Bb3 Bh8 54. Kg6 Ke7 55. Kh7 1-0

[Event "WchT Seniors 50"]
[Site "Rhodes"]
[Date "2019.04.22"]
[Round "7.4"]
[White "Llanos, Guillermo"]
[Black "Brendel, Oliver"]
[Result "0-1"]
[WhiteElo "2293"]
[BlackElo "2339"]
[PlyCount "78"]
[EventDate "2019.04.16"]
[EventType "team-swiss"]
[EventRounds "9"]
[EventCountry "GRE"]
[SourceTitle "CBM 190 Extra"]
[Source "ChessBase"]
[SourceDate "2019.07.15"]
[SourceVersion "1"]
[SourceVersionDate "2019.07.15"]
[SourceQuality "1"]
[WhiteTeam "Argentina"]
[BlackTeam "Germany"]
[WhiteTeamCountry "ARG"]
[BlackTeamCountry "GER"]

1. Nf3 Nf6 2. c4 g6 3. Nc3 c5 4. d4 cxd4 5. Nxd4 Nc6 6. Nc2 Bg7 7. g3 d6 8. Bg2 Be6 9. b3 Qd7 10. h3 0-0 11. Bb2 Rab8 12. Nd5 Nxd5 13. Bxg7 Ne3 14. Nxe3 Kxg7 15. Qd2 Rfc8 16. Rd1 h5 17. c5 Kg8 18. cxd6 Qxd6 19. Qxd6 exd6 20. Rxd6 Nb4 21. 0-0 Nxa2 22. Nd5 Kf8 23. Nf4 Bxb3 24. Rb1 Rc1+ 25. Rxc1 Nxc1 26. Rd7 a5 27. Rc7 g5 28. Nxh5 Nxe2+ 29. Kf1 Nd4 30. Nf6 Kg7 31. Nd7 Rd8 32. Rxb7 a4 33. Nc5 Bc4+ 34. Kg1 a3 35. Ra7 a2 36. f4 gxf4 37. Bf1 Bd5 38. gxf4 Rb8 39. Kf2 Rb1 0-1

[Event "EU-ch rapid"]
[Site "Skopje"]
[Date "2018.12.08"]
[Round "2"]
[White "Brendel, Oliver"]
[Black "Demidov, Mikhail"]
[Result "0-1"]
[WhiteElo "2343"]
[BlackElo "2520"]
[PlyCount "85"]
[EventDate "2018.12.08"]
[EventType "swiss (rapid)"]
[EventRounds "13"]
[EventCountry "MKD"]
[SourceTitle "CBM 187 Extra"]
[Source "ChessBase"]
[SourceDate "2018.11.04"]
[SourceVersion "1"]
[SourceVersionDate "2018.11.04"]
[SourceQuality "1"]

1. c4 e5 2. g3 Nc6 3. Nc3 Bc5 4. Bg2 a6 5. Nf3 d6 6. 0-0 Ba7 7. d3 Nge7 8. a3 0-0 9. b4 Bg4 10. Bb2 Qd7 11. Rc1 Bh3 12. Bxh3 Qxh3 13. Nd5 Rac8 14. e3 Nxd5 15. cxd5 Ne7 16. Qb3 h6 17. Rc2 b5 18. d4 e4 19. Nd2 f5 20. Rfc1 Bb8 21. Rc6 Nxc6 22. dxc6+ Kh7 23. a4 Ba7 24. a5 Qh5 25. Qd1 Qxd1+ 26. Rxd1 d5 27. Nb1 Rcd8 28. Nd2 Rf6 29. Nb3 Rxc6 30. Nc5 g5 31. Bc1 Kg6 32. Kg2 Rf6 33. f4 exf3+ 34. Kxf3 Bxc5 35. dxc5 Re6 36. Bb2 Re4 37. Bd4 h5 38. Rd2 c6 39. Rd1 Rd7 40. Rd2 Rh7 41. Kg2 f4 42. gxf4 gxf4 43. Kf3 0-1

[Event "Bundesliga 1718"]
[Site "Germany"]
[Date "2018.04.30"]
[Round "14.1"]
[White "Braun, Arik"]
[Black "Brendel, Oliver"]
[Result "1-0"]
[WhiteElo "2574"]
[BlackElo "2334"]
[PlyCount "73"]
[EventDate "2017.10.21"]
[EventType "team-tourn"]
[EventRounds "15"]
[EventCountry "GER"]
[SourceTitle "CBM 184"]
[Source "ChessBase"]
[SourceDate "2018.05.16"]
[SourceVersion "1"]
[SourceVersionDate "2018.05.16"]
[SourceQuality "1"]
[WhiteTeam "Hockenheim"]
[BlackTeam "Hofheim"]
[WhiteTeamCountry "GER"]
[BlackTeamCountry "GER"]

1. d4 Nf6 2. c4 g6 3. Nf3 Bg7 4. e3 d6 5. Be2 0-0 6. Nc3 Nbd7 7. 0-0 e5 8. Qc2 Re8 9. Rd1 c6 10. b4 a6 11. a4 exd4 12. exd4 Nf8 13. h3 Bf5 14. Qb3 Ne4 15. Be3 Ng3 16. Bd3 Qd7 17. Bf4 Bxd3 18. Bxg3 Be4 19. Nxe4 Rxe4 20. Rac1 d5 21. cxd5 Qxd5 22. Qxd5 cxd5 23. Rc7 b5 24. axb5 axb5 25. Rc5 Rd8 26. Bh4 Rb8 27. Rxd5 Ne6 28. Bg3 Rb7 29. Kf1 h6 30. Ne5 h5 31. h4 Kh7 32. Rd6 Bf8 33. Rd7 Rxd7 34. Nxd7 Bg7 35. d5 Nd8 36. Bc7 Re7 37. Nf6+ 1-0

[Event "Wch Seniors 50 27th"]
[Site "Acqui Terme"]
[Date "2017.11.17"]
[Round "10"]
[White "Brendel, Oliver"]
[Black "Sturua, Zurab"]
[Result "0-1"]
[WhiteElo "2334"]
[BlackElo "2536"]
[PlyCount "46"]
[EventDate "2017.11.07"]
[EventType "swiss"]
[EventRounds "11"]
[EventCountry "ITA"]
[SourceTitle "CBM 181 Extra"]
[Source "ChessBase"]
[SourceDate "2017.12.12"]
[SourceVersion "1"]
[SourceVersionDate "2017.12.12"]
[SourceQuality "1"]

1. c4 g6 2. g3 Bg7 3. Bg2 d6 4. Nc3 e5 5. e4 Nc6 6. d3 f5 7. Nge2 Nf6 8. Nd5 0-0 9. Bg5 Be6 10. 0-0 Qd7 11. Rc1 Rf7 12. Nxf6+ Bxf6 13. Bxf6 Rxf6 14. d4 exd4 15. exf5 Bxf5 16. Nxd4 Bg4 17. f3 Bh3 18. Bxh3 Qxh3 19. Nb5 Rf7 20. f4 g5 21. fxg5 Raf8 22. Qd5 Ne5 23. Nd4 Ng4 0-1

[Event "Wch Seniors 50 27th"]
[Site "Acqui Terme"]
[Date "2017.11.16"]
[Round "9"]
[White "Prie, Eric"]
[Black "Brendel, Oliver"]
[Result "1/2-1/2"]
[WhiteElo "2482"]
[BlackElo "2334"]
[PlyCount "66"]
[EventDate "2017.11.07"]
[EventType "swiss"]
[EventRounds "11"]
[EventCountry "ITA"]
[SourceTitle "CBM 181 Extra"]
[Source "ChessBase"]
[SourceDate "2017.12.12"]
[SourceVersion "1"]
[SourceVersionDate "2017.12.12"]
[SourceQuality "1"]

1. d4 Nf6 2. Nf3 g6 3. Nc3 Bg7 4. e4 d5 5. e5 Ne4 6. Qd3 Nc6 7. a3 0-0 8. Be3 Bf5 9. Qb5 Nxc3 10. bxc3 Bxc2 11. Qxb7 Na5 12. Qa6 c6 13. Bd3 Bxd3 14. Qxd3 Nc4 15. 0-0 Qa5 16. Bg5 f6 17. exf6 exf6 18. Bf4 Rfe8 19. Nd2 Nxd2 20. Qxd2 Qa6 21. Rfe1 Rxe1+ 22. Qxe1 Kf7 23. h4 Re8 24. Qf1 Qa5 25. Qd3 Bf8 26. a4 Re4 27. g3 Be7 28. Kg2 h5 29. Ra2 Kg7 30. Ra1 Kf7 31. Ra2 Kg7 32. Bc1 Bf8 33. Bf4 Be7 1/2-1/2

[Event "Wch Seniors 50 27th"]
[Site "Acqui Terme"]
[Date "2017.11.15"]
[Round "8"]
[White "Brendel, Oliver"]
[Black "Cetinkaya, Vedat Ali"]
[Result "1-0"]
[WhiteElo "2334"]
[BlackElo "1968"]
[PlyCount "67"]
[EventDate "2017.11.07"]
[EventType "swiss"]
[EventRounds "11"]
[EventCountry "ITA"]
[SourceTitle "CBM 181 Extra"]
[Source "ChessBase"]
[SourceDate "2017.12.12"]
[SourceVersion "1"]
[SourceVersionDate "2017.12.12"]
[SourceQuality "1"]

1. e4 c6 2. d4 d5 3. Nc3 dxe4 4. Nxe4 Nd7 5. Ng5 Ngf6 6. Bd3 e6 7. N1f3 Bd6 8. Qe2 h6 9. Ne4 Nxe4 10. Qxe4 Nf6 11. Qe2 0-0 12. Bd2 Qc7 13. 0-0-0 c5 14. dxc5 Qxc5 15. Rhe1 Rd8 16. Ne5 Bxe5 17. Qxe5 Qxe5 18. Rxe5 Bd7 19. f3 Bc6 20. Be3 Nd5 21. Bf2 Nf4 22. Bf1 Bd5 23. b3 Rdc8 24. Kb2 b5 25. Bxb5 Nxg2 26. Rexd5 exd5 27. Rxd5 a6 28. Bc4 Rc7 29. Ra5 Rd7 30. Rxa6 Rad8 31. Ra7 Rd2 32. Rxf7 Kh8 33. Bb6 Re8 34. Ba5 1-0

[Event "Wch Seniors 50 27th"]
[Site "Acqui Terme"]
[Date "2017.11.08"]
[Round "2"]
[White "Brendel, Oliver"]
[Black "Grant, Jonathan"]
[Result "0-1"]
[WhiteElo "2334"]
[BlackElo "2179"]
[PlyCount "38"]
[EventDate "2017.11.07"]
[EventType "swiss"]
[EventRounds "11"]
[EventCountry "ITA"]
[SourceTitle "CBM 181 Extra"]
[Source "ChessBase"]
[SourceDate "2017.12.12"]
[SourceVersion "1"]
[SourceVersionDate "2017.12.12"]
[SourceQuality "1"]

1. e4 c6 2. d4 d5 3. Nc3 dxe4 4. Nxe4 Bf5 5. Ng3 Bg6 6. h4 h6 7. Nf3 e6 8. Ne5 Bh7 9. Bd3 Bxd3 10. Qxd3 Nd7 11. f4 Be7 12. Bd2 Nxe5 13. fxe5 Bxh4 14. 0-0-0 Bxg3 15. Qxg3 Ne7 16. Qxg7 Rg8 17. Qxh6 Qd5 18. Bg5 Qxa2 19. Bxe7 Rxg2 0-1

[Event "Wch Seniors 50 27th"]
[Site "Acqui Terme"]
[Date "2017.11.07"]
[Round "1"]
[White "Privitera, Franco"]
[Black "Brendel, Oliver"]
[Result "0-1"]
[WhiteElo "2022"]
[BlackElo "2334"]
[PlyCount "84"]
[EventDate "2017.11.07"]
[EventType "swiss"]
[EventRounds "11"]
[EventCountry "ITA"]
[SourceTitle "CBM 181 Extra"]
[Source "ChessBase"]
[SourceDate "2017.12.12"]
[SourceVersion "1"]
[SourceVersionDate "2017.12.12"]
[SourceQuality "1"]

1. d4 g6 2. e4 Bg7 3. Nc3 d6 4. h3 Nf6 5. Nf3 0-0 6. Be2 a6 7. a4 b6 8. e5 Nfd7 9. exd6 cxd6 10. 0-0 Bb7 11. Bg5 Nf6 12. Qd2 Nbd7 13. Bh6 Rc8 14. Bxg7 Kxg7 15. Rfe1 Re8 16. d5 Rc5 17. b4 Rc7 18. b5 a5 19. Nd4 Nxd5 20. Nc6 Bxc6 21. bxc6 Nxc3 22. Qxc3+ Kg8 23. Bb5 Nc5 24. Rad1 Qc8 25. Qf3 Rd8 26. h4 Qf5 27. Qe3 e5 28. g3 Kg7 29. Kg2 e4 30. Rd2 Re7 31. Red1 h6 32. Rxd6 Rxd6 33. Rxd6 Ne6 34. Bc4 Nc7 35. Qd4+ Kh7 36. Rd8 Ne8 37. c7 Qf3+ 38. Kh2 e3 39. fxe3 Nf6 40. Qxf6 Qxf6 41. c8Q Rxe3 42. Kg2 Qf3+ 0-1